| 000 | 00378nam a22001577a 4500 | ||
|---|---|---|---|
| 003 | macl | ||
| 005 | 20150627144155.0 | ||
| 008 | 150627b xxu||||| |||| 00| 0 eng d | ||
| 040 | _cmacl | ||
| 041 | _aEnglish | ||
| 082 | _a070 | ||
| 245 | _aBppks India | ||
| 260 |
_aNew Delhi _bKeshori Lal & Sons _c1973 |
||
| 650 |
_aNew, media, Journalism Publishing _9331 |
||
| 942 |
_2ddc _cBK |
||
| 999 |
_c49925 _d49925 |
||